Murder by the seaside : (Record no. 4071)

MARC details
000 -LEADER
fixed length control field 00543nam a22001937a 4500
001 - CONTROL NUMBER
control field 4071
003 - CONTROL NUMBER IDENTIFIER
control field FISKH
005 - DATE AND TIME OF LATEST TRANSACTION
control field 20240605133225.0
008 - FIXED-LENGTH DATA ELEMENTS--GENERAL INFORMATION
fixed length control field 240605b cb ||||| |||| 00| 0 eng d
020 ## - INTERNATIONAL STANDARD BOOK NUMBER
International Standard Book Number 9781800810631
040 ## - CATALOGING SOURCE
Original cataloging agency FISKH
Language of cataloging eng
Transcribing agency FISKH
Modifying agency FISKH
082 ## - DEWEY DECIMAL CLASSIFICATION NUMBER
Classification number 823.0872080912
100 ## - MAIN ENTRY--PERSONAL NAME
Personal name Gayford, Cecily
245 ## - TITLE STATEMENT
Title Murder by the seaside :
260 ## - PUBLICATION, DISTRIBUTION, ETC.
Place of publication, distribution, etc. London :
Name of publisher, distributor, etc. Profile Books,
Date of publication, distribution, etc. 2021
300 ## - PHYSICAL DESCRIPTION
Extent 223 cm.
Dimensions 20 cm.
520 ## - SUMMARY, ETC.
Summary, etc. A collection of 10 stories by some of history's most famous mystery writers.
942 ## - ADDED ENTRY ELEMENTS (KOHA)
Source of classification or shelving scheme Dewey Decimal Classification
Koha item type Books
Suppress in OPAC No
Holdings
Withdrawn status Lost status Source of classification or shelving scheme Damaged status Not for loan Collection Home library Current library Shelving location Date acquired Total Checkouts Full call number Barcode Date last seen Date last checked out Price effective from Koha item type Public note
    Dewey Decimal Classification     Fiction Footprints International School Library Network Toul Kork Campus Footprints International School Library Network Toul Kork Campus TK New Addition Display Table 06/05/2024 1 GAY 823.0872080912 2024-0802 11/27/2024 09/06/2024 06/05/2024 Books Donated by Open Book Library #1, Phnom Penh